[Event "Groningen op 59th"]
[Site "Groningen"]
[Date "2023.12.28"]
[Round "7"]
[White "Boer, Alef"]
[Black "Nicolai, Amir"]
[Result "1-0"]
[WhiteElo "2017"]
[BlackElo "2156"]
[PlyCount "73"]
[EventDate "2023.12.21"]
[EventType "swiss"]
[EventRounds "9"]
[EventCountry "NED"]
[SourceTitle "CB04_2024"]
[SourceDate "2023.10.16"]
[SourceVersion "1"]
[SourceVersionDate "2023.10.16"]
[SourceQuality "1"]

1. e4 e5 2. Nf3 Nc6 3. Bb5 a6 4. Ba4 Nf6 5. d3 b5 6. Bb3 Bc5 7. Nc3 d6 8. Nd5 h6 9. c3 0-0 10. 0-0 Rb8 11. h3 Nxd5 12. Bxd5 Ne7 13. Bb3 Ng6 14. d4 exd4 15. cxd4 Bb6 16. Re1 Re8 17. Bd5 Qf6 18. Bc6 Rd8 19. a4 Bd7 20. axb5 axb5 21. Bxd7 Rxd7 22. d5 Ne5 23. Ra2 Re7 24. b3 Rbe8 25. Nh2 Nd7 26. Rae2 Qg6 27. Qd3 b4 28. Qc4 Nc5 29. Be3 Qxe4 30. Bd4 Qxe2 31. Rxe2 Rxe2 32. Be3 Re1+ 33. Nf1 Ra8 34. Kh2 Ra2 35. Ng3 Nd7 36. Qxb4 Rd1 37. Qg4 1-0

[Event "Groningen op 59th"]
[Site "Groningen"]
[Date "2023.12.27"]
[Round "6"]
[White "Nicolai, Amir"]
[Black "Beerdsen, Thomas"]
[Result "0-1"]
[WhiteElo "2156"]
[BlackElo "2511"]
[PlyCount "54"]
[EventDate "2023.12.21"]
[EventType "swiss"]
[EventRounds "9"]
[EventCountry "NED"]
[SourceTitle "CB04_2024"]
[SourceDate "2023.10.16"]
[SourceVersion "1"]
[SourceVersionDate "2023.10.16"]
[SourceQuality "1"]

1. d4 d5 2. c4 c6 3. cxd5 cxd5 4. Bf4 Nc6 5. e3 Nf6 6. Nc3 Bf5 7. Nf3 e6 8. Qb3 Bb4 9. Ne5 Qa5 10. a3 Bxc3+ 11. bxc3 Nxe5 12. Bxe5 Ne4 13. Rc1 f6 14. Bf4 Rc8 15. f3 Nxc3 16. Kf2 0-0 17. Bd6 Na2 18. Rxc8 Rxc8 19. Qxb7 Rc2+ 20. Be2 h6 21. Re1 Bd3 22. Qd7 Qd2 23. Qxe6+ Kh7 24. Bf8 Qxe1+ 25. Kxe1 Rxe2+ 26. Kd1 Nc3+ 27. Kc1 Rc2# 0-1

[Event "Groningen op 59th"]
[Site "Groningen"]
[Date "2023.12.26"]
[Round "5"]
[White "Elgersma, Onno"]
[Black "Nicolai, Amir"]
[Result "1/2-1/2"]
[WhiteElo "2310"]
[BlackElo "2156"]
[PlyCount "109"]
[EventDate "2023.12.21"]
[EventType "swiss"]
[EventRounds "9"]
[EventCountry "NED"]
[SourceTitle "CB04_2024"]
[SourceDate "2023.10.16"]
[SourceVersion "1"]
[SourceVersionDate "2023.10.16"]
[SourceQuality "1"]

1. e4 e5 2. Nf3 Nc6 3. Bb5 a6 4. Ba4 Nf6 5. 0-0 Bc5 6. c3 0-0 7. d4 Ba7 8. dxe5 Nxe4 9. Bc2 d5 10. exd6 Nxd6 11. Bg5 f6 12. Bf4 g5 13. Qd3 Qd7 14. Bxd6 cxd6 15. Nbd2 Ne5 16. Qd5+ Qe6 17. Bb3 Qxd5 18. Bxd5+ Kg7 19. Rad1 Rb8 20. Nc4 Rd8 21. Rfe1 Bg4 22. Ne3 Bxe3 23. Rxe3 Bxf3 24. Bxf3 Nxf3+ 25. Rxf3 Rbc8 26. h4 h6 27. Rfd3 Rc6 28. Re1 Kf7 29. hxg5 hxg5 30. Rh3 b5 31. Rh7+ Kg6 32. Ra7 Kf5 33. f3 d5 34. g4+ Kf4 35. Kg2 Rdd6 36. Rd1 f5 37. Rf7 Rf6 38. Re7 Rce6 39. Rd4+ Ke5 40. Rd7 Rd6 41. Re7+ Rde6 42. Rg7 Rg6 43. Rxg6 Rxg6 44. gxf5 Rf6 45. Kg3 Rxf5 46. Kg4 Rf8 47. Rd3 Rg8 48. Rd2 a5 49. Re2+ Kf6 50. Rh2 b4 51. Rh6+ Ke5 52. Rc6 bxc3 53. bxc3 Rf8 54. Rg6 Rf4+ 55. Kg3 1/2-1/2

[Event "Groningen op 59th"]
[Site "Groningen"]
[Date "2023.12.24"]
[Round "4"]
[White "Nicolai, Amir"]
[Black "Jaiveer, Mahendru"]
[Result "1-0"]
[WhiteElo "2156"]
[BlackElo "2294"]
[PlyCount "75"]
[EventDate "2023.12.21"]
[EventType "swiss"]
[EventRounds "9"]
[EventCountry "NED"]
[SourceTitle "CB04_2024"]
[SourceDate "2023.10.16"]
[SourceVersion "1"]
[SourceVersionDate "2023.10.16"]
[SourceQuality "1"]

1. d4 Nf6 2. c4 e6 3. g3 d5 4. Bg2 Bb4+ 5. Nd2 0-0 6. Ngf3 b6 7. 0-0 c6 8. Qc2 a5 9. e4 Ba6 10. e5 Ne8 11. Rd1 Nd7 12. b3 Rc8 13. Nf1 Be7 14. Bf4 Nc7 15. h4 h6 16. h5 Qe8 17. Re1 c5 18. Ne3 cxd4 19. Nxd4 Bc5 20. Qd1 dxc4 21. bxc4 Kh8 22. a3 Nb8 23. Qd2 Rd8 24. Nec2 Bxc4 25. Bxh6 Bd5 26. Be4 Rg8 27. Bg5 Rd7 28. h6 g6 29. h7 Rg7 30. Bf6 Bf8 31. Bd3 Kxh7 32. f3 Kg8 33. Kg2 g5 34. Rh1 Nc6 35. Qxg5 Bxf3+ 36. Nxf3 Ne7 37. Bh7+ Kh8 38. Qh6 1-0

[Event "Groningen op 57th"]
[Site "Groningen"]
[Date "2019.12.29"]
[Round "8"]
[White "Elgersma, Onno"]
[Black "Nicolai, Amir"]
[Result "1/2-1/2"]
[WhiteElo "2319"]
[BlackElo "2108"]
[PlyCount "103"]
[EventDate "2019.12.21"]
[EventType "swiss"]
[EventRounds "9"]
[EventCountry "NED"]
[SourceTitle "CBM 194 Extra"]
[Source "ChessBase"]
[SourceDate "2020.03.31"]
[SourceVersion "1"]
[SourceVersionDate "2020.03.31"]
[SourceQuality "1"]

1. e4 c5 2. Nf3 Nc6 3. d4 cxd4 4. Nxd4 e5 5. Nb5 d6 6. c4 Be7 7. N1c3 a6 8. Na3 Be6 9. Nc2 Rc8 10. b3 Nf6 11. Be2 b5 12. cxb5 Na7 13. Bd2 d5 14. exd5 Nxd5 15. Nxd5 Bxd5 16. Ne3 Nxb5 17. Nxd5 Qxd5 18. 0-0 0-0 19. Bc4 Qd6 20. Be3 Nd4 21. Qh5 g6 22. Qh3 Bf6 23. Rad1 Rcd8 24. Kh1 Qa3 25. Rd2 Nf5 26. Rxd8 Rxd8 27. Qf3 h5 28. Qb7 Nd6 29. Qb6 Kg7 30. Bd5 Qxa2 31. Bc5 Qe2 32. Ra1 Qd3 33. Bf3 Nc8 34. Qxa6 Qc3 35. Qa5 e4 36. Qxc3 Bxc3 37. Rd1 Rxd1+ 38. Bxd1 Kf6 39. b4 Ke5 40. Bb3 Nd6 41. Kg1 f6 42. Kf1 h4 43. Ke2 Nb7 44. Bf7 Nxc5 45. bxc5 g5 46. c6 Kd6 47. Be8 Bd4 48. g3 Bb6 49. gxh4 gxh4 50. h3 Bd4 51. Bg6 Kxc6 52. Bxe4+ 1/2-1/2

[Event "Hoogeveen op 23rd"]
[Site "Hoogeveen"]
[Date "2019.10.26"]
[Round "9"]
[White "Nicolai, Amir"]
[Black "De Winter, Arthur"]
[Result "1-0"]
[WhiteElo "2117"]
[BlackElo "1896"]
[PlyCount "41"]
[EventDate "2019.10.19"]
[EventType "swiss"]
[EventRounds "9"]
[EventCountry "NED"]
[SourceTitle "CBM 192 Extra"]
[Source "Chessbase"]
[SourceDate "2019.11.06"]
[SourceVersion "1"]
[SourceVersionDate "2019.11.06"]
[SourceQuality "1"]

1. e4 c5 2. b4 cxb4 3. a3 d5 4. exd5 Qxd5 5. Nf3 e6 6. Bb2 bxa3 7. Nxa3 Nc6 8. Nb5 Qd8 9. Ne5 Nf6 10. Qf3 Nb4 11. Rxa7 Rxa7 12. Nxa7 Bc5 13. Bb5+ Kf8 14. Nxc8 Qxc8 15. 0-0 Be7 16. Ra1 Kg8 17. c4 h5 18. Ra7 Qd8 19. d4 Nc2 20. Qxb7 Nxd4 21. Ra8 1-0

[Event "Hoogeveen op 23rd"]
[Site "Hoogeveen"]
[Date "2019.10.23"]
[Round "6"]
[White "Ricken, Katharina"]
[Black "Nicolai, Amir"]
[Result "1-0"]
[WhiteElo "1970"]
[BlackElo "2117"]
[PlyCount "77"]
[EventDate "2019.10.19"]
[EventType "swiss"]
[EventRounds "9"]
[EventCountry "NED"]
[SourceTitle "CBM 192 Extra"]
[Source "Chessbase"]
[SourceDate "2019.11.06"]
[SourceVersion "1"]
[SourceVersionDate "2019.11.06"]
[SourceQuality "1"]

1. Nf3 d5 2. g3 Nc6 3. d4 Bf5 4. Bg2 e6 5. 0-0 Nb4 6. Na3 h6 7. c3 Nc6 8. Qb3 Bxa3 9. Qxa3 Nge7 10. Nd2 e5 11. dxe5 Nxe5 12. e4 Be6 13. Nf3 Nc4 14. Qa4+ Qd7 15. Qxd7+ Kxd7 16. Rd1 Kc8 17. exd5 Bxd5 18. b3 Nb6 19. Bh3+ Kb8 20. Nd4 Nc6 21. c4 Nxd4 22. Rxd4 Bc6 23. Bf4 Nc8 24. Rad1 b6 25. Rd8 Rxd8 26. Rxd8 Kb7 27. Rf8 g5 28. Be5 Nd6 29. Bxd6 cxd6 30. Rxf7+ Ka6 31. Bg2 Bxg2 32. Kxg2 d5 33. cxd5 Rd8 34. Rf5 Rd6 35. Kf3 Kb5 36. Ke4 Kc5 37. Rf8 Rd7 38. Rc8+ Kd6 39. Rc6+ 1-0

[Event "Hoogeveen op 23rd"]
[Site "Hoogeveen"]
[Date "2019.10.21"]
[Round "4"]
[White "Ypma, Jord"]
[Black "Nicolai, Amir"]
[Result "1-0"]
[WhiteElo "2013"]
[BlackElo "2117"]
[PlyCount "107"]
[EventDate "2019.10.19"]
[EventType "swiss"]
[EventRounds "9"]
[EventCountry "NED"]
[SourceTitle "CBM 192 Extra"]
[Source "Chessbase"]
[SourceDate "2019.11.06"]
[SourceVersion "1"]
[SourceVersionDate "2019.11.06"]
[SourceQuality "1"]

1. d4 e6 2. Bf4 f5 3. Nf3 Nf6 4. e3 b6 5. Nbd2 Bb7 6. Be2 Be7 7. h3 0-0 8. c3 c5 9. Qc2 Nc6 10. g4 cxd4 11. exd4 Nd5 12. Bg3 f4 13. Bh2 Rc8 14. 0-0 Kh8 15. a3 g5 16. Bd3 Rf7 17. Rae1 Rg7 18. Ne4 Nf6 19. Qe2 Ng8 20. Ne5 Qc7 21. Nxc6 Qxc6 22. f3 Nf6 23. Kg2 Nxe4 24. Bxe4 Qc7 25. Bd3 Bf6 26. Bg1 Bd5 27. Bf2 h5 28. Be4 Qc4 29. Bd3 Qb3 30. Rc1 Bc4 31. Bxc4 Rxc4 32. d5 e5 33. gxh5 Rh7 34. Qd3 e4 35. fxe4 Be5 36. Qe2 Rg7 37. h6 Rg6 38. Qg4 Qxb2 39. Qf5 f3+ 40. Kh1 Kh7 41. Qxe5 g4 42. Qe7+ Kh8 43. Qf8+ Rg8 44. Qf6+ Kh7 45. hxg4 Qe2 46. Rce1 Qd2 47. Qf5+ Kh8 48. Qxf3 Rxc3 49. Be3 Qd3 50. g5 Rxa3 51. Qf6+ Kh7 52. g6+ Rxg6 53. Qf7+ Rg7 54. Qxg7# 1-0

[Event "Hoogeveen op 23rd"]
[Site "Hoogeveen"]
[Date "2019.10.20"]
[Round "2"]
[White "Garcia Morales, Ivette Alejandra"]
[Black "Nicolai, Amir"]
[Result "1/2-1/2"]
[WhiteElo "2013"]
[BlackElo "2117"]
[PlyCount "31"]
[EventDate "2019.10.19"]
[EventType "swiss"]
[EventRounds "9"]
[EventCountry "NED"]
[SourceTitle "CBM 192 Extra"]
[Source "Chessbase"]
[SourceDate "2019.11.06"]
[SourceVersion "1"]
[SourceVersionDate "2019.11.06"]
[SourceQuality "1"]

1. d4 e6 2. Nf3 f5 3. c4 Nf6 4. g3 Be7 5. Bg2 0-0 6. 0-0 d6 7. b3 Ne4 8. h4 c6 9. Qc2 Nd7 10. Bb2 Qc7 11. Nc3 Ndf6 12. Rad1 Bd7 13. e3 Be8 14. Ne2 Ng4 15. Qc1 Bf7 16. Ne1 1/2-1/2

[Event "Groninger Combinatie op"]
[Site "Groningen"]
[Date "2019.05.31"]
[Round "2"]
[White "Maris, Ivo"]
[Black "Nicolai, Amir"]
[Result "1-0"]
[WhiteElo "2386"]
[BlackElo "2095"]
[PlyCount "103"]
[EventDate "2019.05.30"]
[EventType "swiss"]
[EventRounds "7"]
[EventCountry "NED"]
[SourceTitle "CBM 190 Extra"]
[Source "ChessBase"]
[SourceDate "2019.07.15"]
[SourceVersion "1"]
[SourceVersionDate "2019.07.15"]
[SourceQuality "1"]

1. d4 Nf6 2. c4 e6 3. Nc3 Bb4 4. Qc2 0-0 5. Nf3 c5 6. dxc5 Na6 7. g3 Nxc5 8. Bg2 b6 9. 0-0 Bb7 10. Nb5 Be4 11. Qd1 a6 12. Nbd4 Nb7 13. Nc2 Be7 14. Ne3 d5 15. cxd5 Nxd5 16. Ne5 Bxg2 17. Kxg2 Bf6 18. N3g4 Bxe5 19. Nxe5 Qc7 20. Nd3 Nc5 21. Nxc5 Qxc5 22. e4 Nf6 23. Be3 Qb4 24. Qd4 Qxd4 25. Bxd4 Nxe4 26. Bxb6 Rab8 27. Bd4 f6 28. Rfe1 e5 29. Rxe4 exd4 30. b3 Rfd8 31. Rd1 Rb4 32. Re7 Rb5 33. Ra7 a5 34. Rc1 d3 35. Rcc7 Rbd5 36. Rxg7+ Kh8 37. Rxh7+ Kg8 38. Rag7+ Kf8 39. Rc7 Kg8 40. h4 d2 41. Rcg7+ Kf8 42. h5 Rg5 43. Rh8+ Kxg7 44. Rxd8 Rxh5 45. Rxd2 Kf7 46. Rd6 Re5 47. Ra6 Kg6 48. g4 Rc5 49. Kg3 Rc3+ 50. f3 Rc5 51. Kh4 Rc3 52. f4 1-0

[Event "Groninger Combinatie op"]
[Site "Groningen"]
[Date "2019.05.30"]
[Round "1"]
[White "Nicolai, Amir"]
[Black "Den Boer, Paul"]
[Result "1-0"]
[WhiteElo "2095"]
[BlackElo "1877"]
[PlyCount "65"]
[EventDate "2019.05.30"]
[EventType "swiss"]
[EventRounds "7"]
[EventCountry "NED"]
[SourceTitle "CBM 190 Extra"]
[Source "ChessBase"]
[SourceDate "2019.07.15"]
[SourceVersion "1"]
[SourceVersionDate "2019.07.15"]
[SourceQuality "1"]

1. d4 Nf6 2. Bf4 d5 3. e3 c6 4. Nd2 Bg4 5. Ngf3 e6 6. h3 Bxf3 7. Qxf3 Bd6 8. Bd3 c5 9. c3 Nc6 10. 0-0 cxd4 11. exd4 Bxf4 12. Qxf4 0-0 13. Rae1 Qb8 14. Qe3 b5 15. f4 Ne7 16. g4 Re8 17. Nf3 b4 18. Ne5 Qd6 19. f5 exf5 20. Bxf5 Nxf5 21. Rxf5 bxc3 22. bxc3 Rac8 23. Ref1 h6 24. g5 hxg5 25. Qxg5 Re6 26. R5f3 Ne4 27. Qh5 g6 28. Qh6 Rxe5 29. dxe5 Qb6+ 30. Kh1 Rxc3 31. Rxf7 Ng3+ 32. Kg2 Qb2+ 33. R1f2 1-0

[Event "Groningen op 56th"]
[Site "Groningen"]
[Date "2018.12.30"]
[Round "9"]
[White "Ashwath, R."]
[Black "Nicolai, Amir"]
[Result "1-0"]
[WhiteElo "2314"]
[BlackElo "2074"]
[PlyCount "73"]
[EventDate "2018.12.22"]
[EventType "swiss"]
[EventRounds "9"]
[EventCountry "NED"]
[SourceTitle "CBM 188 Extra"]
[Source "ChessBase"]
[SourceDate "2019.02.26"]
[SourceVersion "1"]
[SourceVersionDate "2019.02.26"]
[SourceQuality "1"]

1. d4 Nf6 2. c4 g6 3. Nc3 Bg7 4. g3 0-0 5. Bg2 d6 6. Nf3 Nc6 7. 0-0 a6 8. h3 Rb8 9. Be3 b5 10. Nd2 Bd7 11. Rc1 e5 12. dxe5 Nxe5 13. c5 d5 14. Bg5 c6 15. b3 Be6 16. f4 Ned7 17. e4 Nxc5 18. e5 Nd3 19. exf6 Bxf6 20. Bxf6 Qxf6 21. Nf3 Nxc1 22. Qxc1 Qe7 23. Kh2 Rfc8 24. Nd4 b4 25. f5 gxf5 26. Nd1 c5 27. Nxf5 Bxf5 28. Rxf5 c4 29. Qh6 Kh8 30. Ne3 c3 31. Nxd5 Qe6 32. Rf6 c2 33. Rxe6 fxe6 34. Qxe6 Re8 35. Ne7 Kg7 36. Qe5+ Kf7 37. Bd5+ 1-0

[Event "Groningen op 56th"]
[Site "Groningen"]
[Date "2018.12.29"]
[Round "8"]
[White "Nicolai, Amir"]
[Black "Maris, Ivo"]
[Result "0-1"]
[WhiteElo "2074"]
[BlackElo "2351"]
[PlyCount "106"]
[EventDate "2018.12.22"]
[EventType "swiss"]
[EventRounds "9"]
[EventCountry "NED"]
[SourceTitle "CBM 188 Extra"]
[Source "ChessBase"]
[SourceDate "2019.02.26"]
[SourceVersion "1"]
[SourceVersionDate "2019.02.26"]
[SourceQuality "1"]

1. e4 c5 2. Nf3 e6 3. d4 cxd4 4. Nxd4 Nc6 5. Nc3 Qc7 6. Be3 a6 7. Qf3 d6 8. Nxc6 bxc6 9. 0-0-0 Nf6 10. Kb1 e5 11. Qg3 h5 12. Bg5 Nh7 13. Bc1 Nf6 14. Bg5 Be7 15. Bc4 h4 16. Qd3 h3 17. g3 Ng4 18. Bxe7 Kxe7 19. Qd2 Rb8 20. f4 f6 21. b3 Rd8 22. f5 Qb6 23. Rhe1 Qb4 24. Bd5 Qc5 25. Na4 Qb5 26. Nc3 Qb7 27. Qe2 Nh6 28. Bc4 d5 29. Nxd5+ cxd5 30. Bxd5 Qc7 31. Qh5 Bb7 32. Be6 Rxd1+ 33. Rxd1 Rd8 34. Bd5 Bxd5 35. exd5 Qc5 36. c4 Qf2 37. Qg6 Qxf5+ 38. Qxf5 Nxf5 39. Kb2 Kd6 40. Kc3 Rc8 41. g4 Nd4 42. b4 a5 43. bxa5 Kc5 44. Rb1 Ra8 45. Rb7 Rxa5 46. Rc7+ Kd6 47. Rxg7 Rxa2 48. Rf7 Rxh2 49. Rxf6+ Kc5 50. d6 e4 51. Rf5+ Nxf5 52. d7 Nd4 53. d8Q Rc2# 0-1

[Event "Groningen op 56th"]
[Site "Groningen"]
[Date "2018.12.23"]
[Round "3"]
[White "Hovsepyan, Vardan"]
[Black "Nicolai, Amir"]
[Result "1-0"]
[WhiteElo "2264"]
[BlackElo "2074"]
[PlyCount "89"]
[EventDate "2018.12.22"]
[EventType "swiss"]
[EventRounds "9"]
[EventCountry "NED"]
[SourceTitle "CBM 188 Extra"]
[Source "ChessBase"]
[SourceDate "2019.02.26"]
[SourceVersion "1"]
[SourceVersionDate "2019.02.26"]
[SourceQuality "1"]

1. e4 c5 2. Nc3 d6 3. Nf3 Nf6 4. d4 cxd4 5. Nxd4 g6 6. Be3 Bg7 7. f3 0-0 8. Qd2 Nc6 9. Bc4 Bd7 10. Bb3 Na5 11. Bh6 Rc8 12. h4 Nc4 13. Bxc4 Rxc4 14. Nb3 Bxh6 15. Qxh6 Rxc3 16. bxc3 Qc7 17. Qe3 Rc8 18. 0-0-0 a5 19. Kb2 b5 20. Rd2 a4 21. Nc1 Be6 22. a3 Nd7 23. Rd3 Ne5 24. Rd4 Qc5 25. Re1 Nc4+ 26. Rxc4 Bxc4 27. Qd4 h5 28. Rd1 Rc6 29. Nd3 Bxd3 30. Qxc5 dxc5 31. cxd3 Kg7 32. d4 Kf6 33. dxc5 Rxc5 34. f4 e6 35. Kc2 Ke7 36. g3 f6 37. Rb1 Kd6 38. Kd3 Kc6 39. Rb4 e5 40. fxe5 fxe5 41. c4 Kb6 42. cxb5 Rxb5 43. Kc4 Rxb4+ 44. Kxb4 Kc6 45. Kc4 1-0

[Event "Groningen Combinatie op"]
[Site "Groningen"]
[Date "2018.05.13"]
[Round "6"]
[White "Nicolai, Amir"]
[Black "Zuiderweg, Hiddo"]
[Result "1-0"]
[WhiteElo "2065"]
[BlackElo "1920"]
[PlyCount "103"]
[EventDate "2018.05.10"]
[EventType "swiss"]
[EventRounds "7"]
[EventCountry "NED"]
[SourceTitle "CBM 184 Extra"]
[Source "ChessBase"]
[SourceDate "2018.06.28"]
[SourceVersion "1"]
[SourceVersionDate "2018.06.28"]
[SourceQuality "1"]

1. d4 e6 2. c4 d5 3. Nf3 Nf6 4. Nc3 Be7 5. Bf4 c6 6. e3 Nbd7 7. Bd3 0-0 8. g4 dxc4 9. Bxc4 b5 10. Bd3 Bb7 11. g5 Nh5 12. Ne4 Nxf4 13. exf4 c5 14. Ne5 Nxe5 15. dxe5 Qd4 16. Qe2 c4 17. Bc2 Bb4+ 18. Kf1 Bxe4 19. Bxe4 Rad8 20. Kg2 Qd2 21. Qg4 Bc5 22. Rhf1 Rd4 23. Rae1 Qxb2 24. Re3 Rd3 25. Rxd3 cxd3 26. Bxd3 Rd8 27. Qe2 Qxe2 28. Bxe2 Rd2 29. Bxb5 Rxa2 30. Rc1 Bf8 31. Rc7 h6 32. Be8 hxg5 33. Bxf7+ Kh7 34. fxg5 Re2 35. Rc8 Be7 36. h4 g6 37. Rc7 Bd8 38. Rxa7 Bb6 39. Rb7 Rxf2+ 40. Kg3 Bd4 41. Bxe6+ Kh8 42. Bb3 Re2 43. e6 Bc5 44. h5 gxh5 45. g6 Be7 46. Rxe7 Re3+ 47. Kh4 Rxb3 48. Kg5 h4 49. Kh6 Rb8 50. Rh7+ Kg8 51. g7 Rb6 52. Rh8# 1-0

[Event "Hoogeveen op 21st"]
[Site "Hoogeveen"]
[Date "2017.10.25"]
[Round "6"]
[White "Roebers, Jan"]
[Black "Nicolai, Amir"]
[Result "1/2-1/2"]
[WhiteElo "2086"]
[BlackElo "2019"]
[PlyCount "45"]
[EventDate "2017.10.21"]
[EventType "swiss"]
[EventRounds "9"]
[EventCountry "NED"]
[SourceTitle "CBM 181 Extra"]
[Source "ChessBase"]
[SourceDate "2017.12.12"]
[SourceVersion "1"]
[SourceVersionDate "2017.12.12"]
[SourceQuality "1"]

1. Nf3 Nf6 2. d4 e6 3. g3 c5 4. c3 b6 5. Bg2 Bb7 6. 0-0 d6 7. Re1 Qc7 8. Nbd2 Ne4 9. Qc2 Nxd2 10. Qxd2 Be7 11. e4 0-0 12. Qd1 cxd4 13. Nxd4 Nd7 14. h4 Rfe8 15. h5 Rad8 16. a4 a6 17. Qe2 Nc5 18. b4 Nd7 19. b5 Nc5 20. e5 dxe5 21. Nc6 Bxc6 22. Bxc6 Rf8 23. Be3 1/2-1/2

[Event "Hoogeveen op 21st"]
[Site "Hoogeveen"]
[Date "2017.10.21"]
[Round "1"]
[White "Nicolai, Amir"]
[Black "Videnova, Iva"]
[Result "1-0"]
[WhiteElo "2019"]
[BlackElo "2326"]
[PlyCount "75"]
[EventDate "2017.10.21"]
[EventType "swiss"]
[EventRounds "9"]
[EventCountry "NED"]
[SourceTitle "CBM 181 Extra"]
[Source "ChessBase"]
[SourceDate "2017.12.12"]
[SourceVersion "1"]
[SourceVersionDate "2017.12.12"]
[SourceQuality "1"]

1. d4 Nf6 2. g3 g6 3. Bg2 Bg7 4. Nf3 0-0 5. c4 d6 6. 0-0 Nbd7 7. Nc3 e5 8. dxe5 dxe5 9. h3 c6 10. Be3 Qc7 11. a4 Rd8 12. Nd2 Nf8 13. a5 Ne6 14. Na4 Nd4 15. Nc5 Rb8 16. b4 Bf5 17. Ra2 Qc8 18. g4 Be6 19. Bxd4 Rxd4 20. Nxe6 Qxe6 21. e3 Rd3 22. Qe2 Rbd8 23. b5 cxb5 24. Bd5 R3xd5 25. cxd5 Qxd5 26. Rb2 a6 27. e4 Qd4 28. Rc2 Qa4 29. Rfc1 Bh6 30. Rc8 Qxa5 31. Qd3 Rxc8 32. Rxc8+ Kg7 33. Qd6 Nd7 34. Nf3 Qa1+ 35. Kg2 Qb2 36. g5 Bxg5 37. Nxg5 Qd4 38. Qe7 1-0

[Event "Borne Euro Chess op-A"]
[Site "Borne"]
[Date "2011.08.03"]
[Round "4"]
[White "Klipper, Noemie"]
[Black "Nicolai, Amir"]
[Result "0-1"]
[WhiteElo "1913"]
[BlackElo "1951"]
[PlyCount "44"]
[EventDate "2011.08.01"]
[EventType "swiss"]
[EventRounds "9"]
[EventCountry "NED"]
[SourceTitle "CBM 143 Extra"]
[Source "ChessBase"]
[SourceDate "2011.08.29"]
[SourceVersion "1"]
[SourceVersionDate "2011.08.29"]
[SourceQuality "1"]

1. c4 Nf6 2. Nc3 e5 3. g3 g6 4. Bg2 Bg7 5. e3 0-0 6. Nge2 Re8 7. 0-0 Nc6 8. a3 d6 9. b4 e4 10. Nd4 Ne5 11. Qe2 c5 12. Nc2 Bg4 13. f3 exf3 14. Bxf3 Bxf3 15. Rxf3 Nxf3+ 16. Qxf3 Qd7 17. Rb1 b6 18. Bb2 Rad8 19. d3 d5 20. Rf1 dxc4 21. dxc4 Ng4 22. Ba1 Nxe3 0-1

[Event "NED-ch U21"]
[Site "Haarlem"]
[Date "2011.05.04"]
[Round "5"]
[White "Ootes, Lars"]
[Black "Nicolai, Amir"]
[Result "1-0"]
[WhiteElo "2363"]
[BlackElo "1931"]
[PlyCount "57"]
[EventDate "2011.04.30"]
[EventType "swiss"]
[EventRounds "9"]
[EventCountry "NED"]
[SourceTitle "CBM 142 Extra"]
[Source "ChessBase"]
[SourceDate "2011.06.27"]
[SourceVersion "1"]
[SourceVersionDate "2011.06.27"]
[SourceQuality "1"]

1. e4 c5 2. Nf3 Nc6 3. d4 cxd4 4. Nxd4 Nf6 5. Nc3 e5 6. Ndb5 d6 7. Bg5 a6 8. Na3 b5 9. Bxf6 gxf6 10. Nd5 Bg7 11. c3 f5 12. Bd3 Be6 13. Nxb5 axb5 14. Bxb5 Bd7 15. exf5 0-0 16. 0-0 f6 17. a4 Kh8 18. b4 Ne7 19. Bxd7 Nxd5 20. Bc6 Nf4 21. Bxa8 Qxa8 22. f3 d5 23. Kh1 Rc8 24. Qd2 Rc4 25. a5 Bf8 26. a6 d4 27. cxd4 Bxb4 28. Qa2 Rxd4 29. Qf7 1-0

[Event "NED-ch U21"]
[Site "Haarlem"]
[Date "2011.04.30"]
[Round "1"]
[White "Hachijan, Armen"]
[Black "Nicolai, Amir"]
[Result "1/2-1/2"]
[WhiteElo "2173"]
[BlackElo "1931"]
[PlyCount "66"]
[EventDate "2011.04.30"]
[EventType "swiss"]
[EventRounds "9"]
[EventCountry "NED"]
[SourceTitle "CBM 142 Extra"]
[Source "ChessBase"]
[SourceDate "2011.06.27"]
[SourceVersion "1"]
[SourceVersionDate "2011.06.27"]
[SourceQuality "1"]

1. e4 c5 2. Nf3 Nc6 3. d4 cxd4 4. Nxd4 Nf6 5. Nc3 e5 6. Ndb5 d6 7. Bg5 a6 8. Na3 b5 9. Nd5 Be7 10. Bxf6 Bxf6 11. c3 Ne7 12. Nxf6+ gxf6 13. Bd3 Bb7 14. Qe2 Qb6 15. Nc2 d5 16. Nb4 d4 17. 0-0 Rg8 18. cxd4 Qxd4 19. Nc2 Qxb2 20. Qe3 Rc8 21. Qb6 Qc3 22. Qxb7 Qxd3 23. Ne3 Qd6 24. Nd5 Rd8 25. Rad1 Nxd5 26. Rxd5 Rd7 27. Qc8+ Rd8 28. Qc3 Qe7 29. Qc6+ Kf8 30. Qxa6 Rxd5 31. exd5 Qd7 32. d6 Rxg2+ 33. Kxg2 Qg4+ 1/2-1/2